The Geography Behind History / (Record no. 186202)

000 -LEADER
fixed length control field 00694 a2200169 4500
003 - CONTROL NUMBER IDENTIFIER
control field Nust
005 - DATE AND TIME OF LATEST TRANSACTION
control field 20230404112059.0
040 ## - CATALOGING SOURCE
Transcribing agency Nust
082 ## - DEWEY DECIMAL CLASSIFICATION NUMBER
Classification number 910,EAS
100 ## - MAIN ENTRY--PERSONAL NAME
Personal name East ,Gordon
9 (RLIN) 111705
245 ## - TITLE STATEMENT
Title The Geography Behind History /
Statement of responsibility, etc. Gordon East
260 ## - PUBLICATION, DISTRIBUTION, ETC.
Place of publication, distribution, etc. London,
Name of publisher, distributor, etc. Thomas Nelson,
300 ## - PHYSICAL DESCRIPTION
Extent 200:p
505 ## - FORMATTED CONTENTS NOTE
Formatted contents note Geography as an Historical Document (Page-11), Geographical Position (Page-29), Climate and History (Page-48), Routes (Page-65), Towns (Page-87), Frontiers and Boundaries (Page-116), Habitat and Economy (Page-136), The Dawn of Civilization (Page-153), Europe and China (Page-174).
650 ## - SUBJECT ADDED ENTRY--TOPICAL TERM
Topical term or geographic name entry element Geography Behind History
9 (RLIN) 111706
942 ## - ADDED ENTRY ELEMENTS (KOHA)
Source of classification or shelving scheme
Koha item type Book
Call number prefix 910,EAS
Holdings
Withdrawn status Lost status Source of classification or shelving scheme Damaged status Not for loan Permanent Location Current Location Shelving location Date acquired Full call number Barcode Date last seen Price effective from Koha item type Public note
          Military College of Signals (MCS) Military College of Signals (MCS) General Stacks 12/12/2016 910,EAS MCS29399 12/08/2016 12/12/2016 Book Almirha No 75, Shelf No 5
© 2023 Central Library, National University of Sciences and Technology. All Rights Reserved.